Alexis de Tocqueville (Record no. 178099)

MARC details
000 -LEADER
campo de control de longitud fija 01478nam a2200325 i 4500
001 - NÚMERO DE CONTROL
campo de control 178099
003 - IDENTIFICADOR DE NÚMERO DE CONTROL
campo de control ES-MaACL
005 - FECHA Y HORA DE LA ÚLTIMA TRANSACCIÓN
campo de control 20230902140707.0
008 - DATOS DE LONGITUD FIJA--INFORMACIÓN GENERAL
campo de control de longitud fija 110517s2007 sp |||| |dspa d
020 ## - NÚMERO INTERNACIONAL ESTÁNDAR DEL LIBRO
Número Internacional Estándar del Libro 978-84-89633-44-5
080 ## - NÚMERO DE LA CLASIFICACIÓN DECIMAL UNIVERSAL
Número de la Clasificación Decimal Universal 32 Tocqueville, Alexis de (063)
080 ## - NÚMERO DE LA CLASIFICACIÓN DECIMAL UNIVERSAL
Número de la Clasificación Decimal Universal 321.7(063)
080 ## - NÚMERO DE LA CLASIFICACIÓN DECIMAL UNIVERSAL
Número de la Clasificación Decimal Universal 342.721/.722(063)
245 00 - MENCIÓN DEL TÍTULO
Título Alexis de Tocqueville
Resto del título : libertad, igualdad, despotismo /
Mención de responsabilidad, etc. James T. Schleifer ... [et al.] ; editor, Eduardo Nolla ; coordinador, Oscar Elía.
260 ## - PUBLICACIÓN, DISTRIBUCIÓN, ETC.
Lugar de publicación, distribución, etc. [Madrid] :
Nombre del editor, distribuidor, etc. FAES,
Fecha de publicación, distribución, etc. [2007]
300 ## - DESCRIPCIÓN FÍSICA
Extensión 359 p. :
Otras características físicas il. ;
Dimensiones 22 cm.
500 ## - NOTA GENERAL
Nota general Ponencias presentadas en las jornadas "Libertad, igualdad, despotismo: en el bicentenario del nacimiento de Alexis de Tocqueville" organizadas por el Instituto Cánovas del Castillo de la Fundación FAES, Madrid, el 12 y 13 de diciembre de 2005.
504 ## - NOTA DE BIBLIOGRAFÍA, ETC.
Nota de bibliografía, etc. Incluye referencias bibliográficas.
600 17 - PUNTO DE ACCESO ADICIONAL DE MATERIA--NOMBRE DE PERSONA
Nombre de persona Tocqueville, Alexis de-
Subdivisión de forma Congresos y asambleas.
9 (RLIN) 146582
650 #7 - PUNTO DE ACCESO ADICIONAL DE MATERIA--TÉRMINO DE MATERIA
Término de materia o nombre geográfico como elemento de entrada Democracia-
Subdivisión de forma Congresos y asambleas.
9 (RLIN) 144589
650 #7 - PUNTO DE ACCESO ADICIONAL DE MATERIA--TÉRMINO DE MATERIA
Término de materia o nombre geográfico como elemento de entrada Igualdad-
Subdivisión de forma Congresos y asambleas.
9 (RLIN) 146583
650 #7 - PUNTO DE ACCESO ADICIONAL DE MATERIA--TÉRMINO DE MATERIA
Término de materia o nombre geográfico como elemento de entrada Libertad-
Subdivisión de forma Congresos y asambleas.
9 (RLIN) 146584
700 1# - ENTRADA AGREGADA--NOMBRE PERSONAL
Nombre de persona Schleifer, James T.
9 (RLIN) 104401
700 1# - ENTRADA AGREGADA--NOMBRE PERSONAL
Nombre de persona Nolla, Eduardo.
9 (RLIN) 85914
700 1# - ENTRADA AGREGADA--NOMBRE PERSONAL
Nombre de persona Elía, Oscar.
9 (RLIN) 146585
710 2# - ENTRADA AGREGADA--NOMBRE DE ENTIDAD CORPORATIVA
Nombre de entidad corporativa o nombre de jurisdicción como elemento de entrada Fundación para el Análisis y los Estudios Sociales.
9 (RLIN) 146586
852 ## - LOCALIZACIÓN
Ubicación ES-MaACL
itemnumber 184958
Sublocalización o colección R.145467
Número de control de estantería A-11195
Signatura antigua Olim: N-4199
Ubicación en estantería Depósito 1
942 ## - ELEMENTOS DE ENTRADA SECUNDARIOS (KOHA)
Fuente del sistema de clasificación o colocación Clasificación decimal universal
Tipo de ítem Koha Libro impreso
Holdings
Estatus retirado Estado de pérdida Fuente del sistema de clasificación o colocación Estado de daño No para préstamo Biblioteca de origen Biblioteca actual Ubicación en estantería Fecha de adquisición Fuente de adquisición Total de préstamos Signatura topográfica completa Código de barras Visto por última vez Precio de reemplazo Tipo de ítem Koha
    Clasificación decimal universal     Biblioteca del Ateneo de Madrid Biblioteca del Ateneo de Madrid Depósito 1 17/05/2011 Donación   A-11195 1187092 23/02/2023 23/02/2023 Libro impreso